Associer la ville au pays - Statistiques

Statistiques générales
  • Ce quiz a été pris 104 fois
  • Le résultat moyen est 19 sur 25
Statistiques - réponses
Ville Pays % Correct
Genève Suisse
96%
Kiev Ukraine
96%
Johannesburg Afrique du Sud
94%
Strasbourg France
94%
Rabat Maroc
92%
Singapour Singapour
92%
Palerme Italie
89%
La Mecque Arabie Saoudite
86%
Cracovie Pologne
85%
Kuala Lumpur Malaisie
83%
Belgrade Serbie
83%
Nairobi Kenya
82%
Vilnius Lituanie
82%
Wellington Nouvelle-Zélande
80%
Brisbane Australie
78%
York Royaume-Uni
76%
Gand Belgique
66%
Canton Chine
66%
Braga Portugal
62%
Punta Cana République Dominicaine
62%
Omaha États-Unis
61%
Sapporo Japon
53%
Paramaribo Suriname
46%
Managua Nicaragua
45%
Oshawa Canada
26%
Aucun quiz correspondant
Distribution des résultats
% des personnes avec chaque résultat
Percentile par nombre de réponses
Votre historique - résultats
Vous n’avez pas pris ce quiz